1476 1876 1692 1783 1453 1160 1846 1312 1079 1155 1215 1969 1509 1953 1361 1224 1332 1883 1728 1744 1481 1187 1810 1190 1536 1771 1380 1532 1421 1514 1204 1620 1840 1561 1167 1748 1209 1976 1435 1908 1511 1723 1419 1781 1739 1623 1034 1479 1746 1441 1345 1562 1125 1573 1704 1532 1159 1106 1508 1419 1183 1189 1285 1091 1709 1944 1722 1608 1042 1407 1662 1962 1192 1400 1956 1948 1861 1356 1805 1175 1981 1568 1624 1550 1357 1413 1897 1841 1442 1790 1059 1536 1873 1066 1339 1191 1361 1022 1935 BCNSPRNW ULIB Ver.6.0+V

เปลี่ยนเป็นภาษาไทย

Change to English
 แสดงรายละเอียดบรรณานุกรม
  กลับหน้าหลัก

Brief Record : Get Marc (ISO 2709) : E-mail record : QR code < ปิดหน้าต่าง
LEADER : 00000nam 2200000uu 4500
001    13399110144
003     ULIB
008    110422s2552||||th 000 0 tha d
020    9742944415
060 04 WY105^bน578ก 2552
100 0  นิตยา ศรีญาณลักษณ์
245 10 การบริหารการพยาบาล /^cนิตยา ศรีญาณลักษณ์, บรรณาธิการ
250    พิมพ์ครั้งที่ 3
260    นนทบุรี :^bโครงการสวัสดิการวิชาการ สถาบันพระบรมราชชนกกระทรวงสาธารณสุข,^c2552
300    [13], 379 หน้า ;^c27 ซม.
650  7 การพยาบาล^xการบริหาร
650  7 การบริหารการพยาบาล
710 2  สถาบันพระบรมราชชนก. ^bโครงการสวัสดิการวิชาการ
945    ^p240^l0^i029997
995    เกษร
999    ^aใช้งานได้ทุกระบบ
รายการนี้ยังไม่มีแท็ก
คุณยังไม่ได้ล็อกอิน คุณสามารถมีกิจกรรมร่วมกับเว็บไซต์ได้ แต่ต้องล็อกอินก่อน ::
  ล็อกอิน

รายการสื่อสารสนเทศ

ลำดับที่ ประเภท เลขเรียก/บาร์โค้ด สถานที่ สถานะ
- ไม่พบข้อมูล -

รายการใกล้เคียง
    ผู้แต่ง [นิตยา ศรีญาณลักษณ์]

    หัวเรื่อง [การบริหารการพยาบาล]

BibComment


ยังไม่เคยถูกคอมเมนท์

คอมเมนท์ทรัพยากรรายการนี้
  คอมเมนท์: การบริหารการพยาบา..


 Copyright 2026. Bcnsprnw @Library